Manažér vo svete iných kultúr
Úryvok z knihy Ivana Nového Interkulturální management, ktorú v edícii Ekonomická literatúra vydalo vydavateľstvo GRADA. Riešenie problémov v styku s ľuďmi iných kultúr.
Guardado en:
| Formato: | Capítulo de libro |
|---|---|
| Lenguaje: | eslovaco |
| Materias: | |
| Etiquetas: |
Sin Etiquetas, Sea el primero en etiquetar este registro!
|
MARC
| LEADER | 00000naa a2200000 4500 | ||
|---|---|---|---|
| 001 | r025837 | ||
| 005 | 20230824085329.8 | ||
| 041 | 0 | |a slo | |
| 044 | |a SK | ||
| 245 | 1 | 0 | |a Manažér vo svete iných kultúr |
| 520 | |a Úryvok z knihy Ivana Nového Interkulturální management, ktorú v edícii Ekonomická literatúra vydalo vydavateľstvo GRADA. Riešenie problémov v styku s ľuďmi iných kultúr. | ||
| 610 | 2 | 0 | |a kariéra |
| 610 | 2 | 0 | |a manažéri |
| 610 | 2 | 0 | |a kultúra |
| 610 | 2 | 0 | |a NOVÝ, I. |